Fracture Mechanics: Fourteenth Symposium-Volume I: Theory and Analysis /

Enregistré dans:
Détails bibliographiques
Auteurs principaux: Lewis, J.C (Auteur), Sines, George (Auteur)
Format: Livre
Langue:anglais
Publié: Philadelphia : ASTM, 1983
Collection:ASTM Special Technical Publication Vol.791
Tags: Ajouter un tag
Pas de tags, Soyez le premier à ajouter un tag!

MARC

LEADER 00000nam a22000003a 4500
001 stu18431
005 20150617225752.2
008 920325s1983----xxu-----------------eng-d
040 |a STU  |b slo 
041 0 |a eng 
044 |a xxu 
080 |a 531.8(061.3) 
100 1 |a Lewis, J.C  |4 aut 
245 1 |a Fracture Mechanics: Fourteenth Symposium-Volume I: Theory and Analysis /  |c [aut.]Lewis,J.C., Sines,George 
260 |a Philadelphia :  |b ASTM,  |c 1983 
300 |a 610 s 
700 1 |a Sines, George  |4 aut 
830 0 |a ASTM Special Technical Publication  |v Vol.791 
996 |b C89193  |c C*89193  |l CCXXIVA  |s P  |a 0  |w stu18431_0001